| 000 | 00397 a2200145 4500 | ||
|---|---|---|---|
| 999 |
_c4887 _d4887 |
||
| 020 | _a0297001981 | ||
| 050 | _aHT 1521.R47 REX 1970 | ||
| 100 |
_aRex, John _eauthor |
||
| 245 |
_aRace relations in sociological theory/ _cJohn Crane |
||
| 264 |
_aNew York: _b Schocken Books, _c1970. |
||
| 300 | _a169p. | ||
| 500 | _aincludes index | ||
| 650 | _aRace relations. | ||
| 942 |
_2lcc _cBK _h1521.R47 _iREX _kHT |
||